Ils ont marqué 2 buts ou plus à la coupe du monde 2014 - Statistiques

Statistiques générales
  • Ce quiz a été pris 51 fois
  • Le résultat moyen est 16 sur 32
Statistiques - réponses
But(s) Pays Réponse % Correct
4 Argentine Lionel Messi
98%
4 Brésil Neymar Jr
98%
5 Allemagne Thomas Müller
98%
6 Colombie James Rodriguez
96%
4 Pays-Bas Robin Van Persie
89%
3 Pays-Bas Arjen Robben
87%
3 France Karim Benzema
87%
2 Allemagne Miroslav Klose
83%
3 Équateur Enner Valencia
72%
2 Algérie Islman Slimani
72%
2 Chili Alexis Sanchez
63%
2 Australie Tim Cahill
61%
2 Allemagne Toni Kroos
61%
3 Suisse Xherdan Shaqiri
61%
2 Allemagne Mario Götze
59%
2 Brésil Oscar
59%
2 Croatie Ivan Perisic
46%
2 Croatie Mario Mandzukic
46%
2 Brésil David Luiz
41%
2 Ghana Asamoah Gyan
37%
2 Côte d'Ivoire Gervinho
37%
2 Ghana André Ayew
35%
2 Nigeria Ahmed Musa
33%
2 Costa Rica Bryan Ruiz
26%
2 Allemagne Mats Hummels
26%
2 Pays-Bas Memphis Depay
24%
2 Algérie Abdelmoumene Djabou
13%
2 Colombie Jackson Martinez
13%
2 Côte d'Ivoire Wilfried Bony
13%
2 Uruguay Luis Suarez
9%
2 États-Unis Clint Dempsey
4%
3 Allemagne André Schürlrle
0%
Aucun quiz correspondant
Distribution des résultats
% des personnes avec chaque résultat
Percentile par nombre de réponses
Votre historique - résultats
Vous n’avez pas pris ce quiz